000 00331nam a22001337a 4500
008 170612b xxu||||| |||| 00| 0 eng d
020 _a9780024036605
041 _aeng
080 _a94(7/8)
100 _a17
101 _aSHH
245 _aMOBILIZATION, PARTICIPATION, AND DEMOCRACY IN AMERICA
_cROSENSTONE,S.J
942 _2udc
_cBK
999 _c16872
_d16872